<?xml version="1.0" encoding="UTF-8"?><?xml-stylesheet type="text/xsl" href="static/style.xsl"?><OAI-PMH xmlns="http://www.openarchives.org/OAI/2.0/" xmlns:xsi="http://www.w3.org/2001/XMLSchema-instance" xsi:schemaLocation="http://www.openarchives.org/OAI/2.0/ http://www.openarchives.org/OAI/2.0/OAI-PMH.xsd"><responseDate>2026-04-17T06:05:50Z</responseDate><request verb="GetRecord" identifier="oai:www.recercat.cat:10459.1/41457" metadataPrefix="marc">https://recercat.cat/oai/request</request><GetRecord><record><header><identifier>oai:recercat.cat:10459.1/41457</identifier><datestamp>2024-12-05T21:57:53Z</datestamp><setSpec>com_2072_3622</setSpec><setSpec>col_2072_479130</setSpec></header><metadata><record xmlns="http://www.loc.gov/MARC21/slim" xmlns:dcterms="http://purl.org/dc/terms/" xmlns:xsi="http://www.w3.org/2001/XMLSchema-instance" xmlns:doc="http://www.lyncode.com/xoai" xsi:schemaLocation="http://www.loc.gov/MARC21/slim http://www.loc.gov/standards/marcxml/schema/MARC21slim.xsd">
   <leader>00925njm 22002777a 4500</leader>
   <datafield ind2=" " ind1=" " tag="042">
      <subfield code="a">dc</subfield>
   </datafield>
   <datafield ind2=" " ind1=" " tag="720">
      <subfield code="a">Lapresta Rey, Cecilio</subfield>
      <subfield code="e">author</subfield>
   </datafield>
   <datafield ind2=" " ind1=" " tag="720">
      <subfield code="a">Huguet, Àngel</subfield>
      <subfield code="e">author</subfield>
   </datafield>
   <datafield ind2=" " ind1=" " tag="720">
      <subfield code="a">Suïls, Jordi</subfield>
      <subfield code="e">author</subfield>
   </datafield>
   <datafield ind2=" " ind1=" " tag="260">
      <subfield code="c">2011-05-19T11:06:19Z</subfield>
   </datafield>
   <datafield ind2=" " ind1=" " tag="260">
      <subfield code="c">2011-05-19T11:06:19Z</subfield>
   </datafield>
   <datafield ind2=" " ind1=" " tag="260">
      <subfield code="c">2004</subfield>
   </datafield>
   <datafield ind2=" " ind1=" " tag="520">
      <subfield code="a">La comarca del Valle de Arán se encuentra situada en el extremo noroccidental de la provincia de Lleida, en plenos Pirineos. En las últimas décadas, este territorio se encuentra inmerso en un proceso de transformación cultural. La situación viene marcada por varios aspectos: a) un fuerte incremento de población, proveniente principalmente de la inmigración; b) la coexistecia en el territorio de tres lenguas oficiales: el occitano-aranés, como lengua propia de la comarca, el catalán y el castellano, y c) una situación de contacto entre lenguas y culturas bastante diferenciadas. El artículo presenta el proceso de transformación que ha sufrido el sistema educativo en el Valle de Arán en los últimos 20 años, caracterizado principalmente por el paso de un modelo de educación monolingüe a un modelo de educación trilingüe.</subfield>
   </datafield>
   <datafield ind2=" " ind1=" " tag="520">
      <subfield code="a">The Valle de Arán district is located in the north-western tip of the province of Lerida, in the midst of the Pyrenees. In the last few decades this territory has undergone a process of cultural transformation. The situation is the result of a number of aspects: a) the strong increase in population, mainly due to immigration; b) the coexistence of three official languages in the territory; Occitan-Aranese, as the particular language of the district; Catalan; and Spanish; c) a situation of contact between languages and cultures featuring many differences. The article is dedicated to the transformation undergone by the educational system in the Valle de Arán over the last 20 years, the main characteristic of which is the shift from a monolingual to a trilingual educational model.</subfield>
   </datafield>
   <datafield ind1="8" ind2=" " tag="024">
      <subfield code="a">http://hdl.handle.net/10459.1/41457</subfield>
   </datafield>
   <datafield tag="653" ind2=" " ind1=" ">
      <subfield code="a">Educació -- Vall d'Aran</subfield>
   </datafield>
   <datafield tag="653" ind2=" " ind1=" ">
      <subfield code="a">Multilingüisme -- Vall d'Aran</subfield>
   </datafield>
   <datafield ind2="0" ind1="0" tag="245">
      <subfield code="a">Un modelo de educación trilingüe. El sistema educativo del Valle de Áran. Descripción, actitudes y perspectivas</subfield>
   </datafield>
   <datafield ind2="0" ind1="0" tag="245">
      <subfield code="a">A three languages education model. The education system in Valle de Arán. Description, attitudes and perspectives</subfield>
   </datafield>
</record></metadata></record></GetRecord></OAI-PMH>